Business tenancies (Record no. 104511)
[ view plain ]
| 000 -LEADER | |
|---|---|
| fixed length control field | 01611cam a2200277 4500 |
| 001 - CONTROL NUMBER | |
| control field | ##L130669 |
| 008 - FIXED-LENGTH DATA ELEMENTS--GENERAL INFORMATION | |
| fixed length control field | 050823n2005 000 0 eng u |
| 020 ## - INTERNATIONAL STANDARD BOOK NUMBER | |
| International Standard Book Number | 185941897X |
| 035 ## - SYSTEM CONTROL NUMBER | |
| System control number | (Sirsi) u130669 |
| 041 0# - LANGUAGE CODE | |
| Language code of text/sound track or separate title | eng |
| 050 04 - LIBRARY OF CONGRESS CALL NUMBER | |
| Classification number | 346.4104343 $2 18 |
| 100 1# - MAIN ENTRY--PERSONAL NAME | |
| Personal name | Hewitson, Russell |
| 245 00 - TITLE STATEMENT | |
| Title | Business tenancies |
| 260 ## - PUBLICATION, DISTRIBUTION, ETC. | |
| Place of publication, distribution, etc. | London |
| Name of publisher, distributor, etc. | Cavendish Publishing Ltd |
| Date of publication, distribution, etc. | 2005 |
| 300 ## - PHYSICAL DESCRIPTION | |
| Extent | xxxiv, 509 |
| Dimensions | 22cm |
| 350 ## - PRICE (NR) (BK AM CF MU VM SE) [OBSOLETE] | |
| Price | 48.00 |
| 505 2# - FORMATTED CONTENTS NOTE | |
| Formatted contents note | What is a business lease? --Particular exceptions where the 1954 Act does not apply --Continuation of tenancies --Termination by the landlord --Termination and renewal by a tenant -- Service of notices and obtaining information -- The application to the court for a new tenancy -- The grounds of opposition -- The terms of the new tenancy -- Compensation for disturbance -- Compensation for improvements -- Crown tenancies |
| 520 ## - SUMMARY, ETC. | |
| Summary, etc. | Detailed and practical guide to all aspects of the law and procedure involved in the renewal of business tenancies under the Landlord and Tenant Act 1954. Contains relevant statutory provisions and key case law. Includes the reforms introduced by the Regulatory Reform (Business Tenancies) (England and Wales) Order 2003. Appendices. Tables of cases and statutes. |
| 520 ## - SUMMARY, ETC. | |
| Summary, etc. | Supercedes earlier 2001 edition. |
| 590 ## - LOCAL NOTE (RLIN) | |
| Local note | IKA081105 |
| 650 24 - SUBJECT ADDED ENTRY--TOPICAL TERM | |
| Topical term or geographic name entry element | LANDLORD AND TENANT ACT 1954 |
| 650 24 - SUBJECT ADDED ENTRY--TOPICAL TERM | |
| Topical term or geographic name entry element | REGULATORY REFORM (BUSINESS TENANCIES) (ENGLAND AND WALES) ORDER 2003 |
| 690 ## - LOCAL SUBJECT ADDED ENTRY--TOPICAL TERM (OCLC, RLIN) | |
| Topical term or geographic name as entry element | PROPERTY-COMMERCIAL PROPERTY-LEASEHOLD COMMERCIAL PROPERTY-COMMERCIAL LANDLORD AND TENANT-BUSINESS TENANCIES |
| 942 ## - ADDED ENTRY ELEMENTS (KOHA) | |
| Suppress in OPAC | 0 |
| Withdrawn status | Lost status | Source of classification or shelving scheme | Damaged status | Not for loan | Home library | Current library | Shelving location | Date acquired | Cost, normal purchase price | Total Checkouts | Full call number | Barcode | Date last seen | Date last checked out | Copy number | Cost, replacement price | Price effective from | Koha item type |
|---|---|---|---|---|---|---|---|---|---|---|---|---|---|---|---|---|---|---|
| Dewey Decimal Classification | London | London | Books | 27/10/2005 | 40.80 | 34 | 346.4104343 HEW | 30071336 | 06/08/2019 | 03/02/2010 | 1 | 40.80 | 06/08/2019 | Book |